Biggest Cities in Random Countries - Statistics

General Stats
  • This quiz has been taken 14 times
  • The average score is 16 of 22
Answer Stats
Country City Population Answer % Correct
Ukraine 2,952,301 Kyiv
100%
Spain 1,620,000 Barcelona
92%
China 19,000,000 Beijing
92%
Belgium 1,019,022 Brussels
92%
India 10,927,986 Delhi
92%
United Arab Emirates 3,478,300 Dubai
92%
Spain 3,223,000 Madrid
92%
Panama 408,168 Panama City
92%
China 21,000,000 Shanghai
92%
United Arab Emirates 1,807,000 Abu Dhabi
85%
Belgium 529,247 Antwerp
85%
Indonesia 10,135,000 Jakarta
85%
Pakistan 14,910,000 Karachi
85%
India 12,691,836 Mumbai
85%
Chile 4,837,295 Santiago
85%
Pakistan 14,407,000 Lahore
69%
Laos 562,244 Vientiane
69%
Ukraine 1,421,125 Kharkiv
62%
Indonesia 2,843,000 Surabaya
62%
Chile 510,417 Puente Alto
8%
Panama 321,501 San Miguelito
0%
Laos 93,277 Savanakhet
0%
No matching quizzes found
Score Distribution
Percent of People with Each Score
Percentile by Number Answered
Your Score History
You have not taken this quiz